| 000 | 00379nab a22001097u 4500 | ||
|---|---|---|---|
| 008 | 130520b1986 xxu||||| |||| 00| 0 eng d | ||
| 041 | _aeng | ||
| 100 | 1 |
_aFóti, Véronique M. _950153 |
|
| 245 | 0 | 0 |
_aHeidegger´s and Merleau-Ponty´s turn from technicity to art _cVéronique M. Fóti |
| 773 | 0 |
_tPhilosophy Today _gV.30, nº4/4,1986,págs. 306-316 _x0031-8256 _wRev325 |
|
| 942 | _cAR | ||
| 999 |
_c302956 _d302956 |
||